Normal view
MARC view
- الاصوات اللغوية-مصطلحات-اللغة العربية-الاصوات-مصطلحات-النطق-اصوات كلامية
Entry Topical Term
001 - CONTROL NUMBER
- control field: 58955
003 - CONTROL NUMBER IDENTIFIER
- control field: JO-AjAnu
005 - DATE AND TIME OF LATEST TRANSACTION
- control field: 20230606083638.0
008 - FIXED-LENGTH DATA ELEMENTS
- fixed length control field: 230606|| aca||aabn | a|a d
040 ## - CATALOGING SOURCE
- Original cataloging agency: JO-AjAnu
- Transcribing agency: JO-AjAnu
150 ## - HEADING--TOPICAL TERM
- Topical term or geographic name entry element: الاصوات اللغوية-مصطلحات-اللغة العربية-الاصوات-مصطلحات-النطق-اصوات كلامية
670 ## - SOURCE DATA FOUND
- Source citation: Work cat.: (JO-AjAnu)30073: بني بكر، عبد القادر مرعي , author 58954, المصطلح الصوتي عند علماء العربية القدماء في ضوء علم اللغة المعاصر